00452nam a2200133Ia 4500008004100000245008900041260004900130260000900179300001000188500001300198650001600211999001900227952007200246170224s9999 xx 000 0 und d aAre traits useful? Explaining trait manifestations as tools in the pursuit of goals. bJournal of Personality and Social Psychology c2016 a110:2 aFebruary xPsychology. c316377d316377 001040aCLbCLd2017-02-24l0r2017-02-24 00:00:00w2017-02-24ySE